Tip sihat ke tanah suci
| Main Author: | |
|---|---|
| Format: | Book |
| Published: |
Batu Caves :
PTS Islamika Sdn. Bhd. ,
2012
|
| Subjects: |
MARC
| LEADER | 00000cam a2200000 7i4500 | ||
|---|---|---|---|
| 001 | 0000200047 | ||
| 005 | 20151231.0 | ||
| 020 | |a 9789673661534 | ||
| 090 | 0 | 0 | |a 613.6 |b MOH |
| 100 | 0 | |a Mohd Sufian Sulaiman | |
| 245 | 1 | 0 | |a Tip sihat ke tanah suci |c Mohd Sufian Sulaiman |
| 260 | |a Batu Caves : |b PTS Islamika Sdn. Bhd. , |c 2012 | ||
| 300 | |a 132p. ; |c 23cm. | ||
| 650 | 0 | |a Travel |x Health aspects |z Saudia Arabia |z Mecca | |
| 999 | |a 00314720 |b BUKU |c PINJAMAN |e PERPUSTAKAAN KOMUNITI PETALING JAYA | ||